| 000 | 00700cab a2200217 4500 | ||
|---|---|---|---|
| 001 | WB3145-03 | ||
| 008 | 090401t1995 xxu||||| |||| 00| 0 eng d | ||
| 035 | _a(Sirsi) u40645 | ||
| 041 | _aeng | ||
| 245 | _aImproving quality in construction | ||
| 260 | _c1995 | ||
| 350 | _a0 | ||
| 490 |
_aConstruction Sponsorship Directorate News Release _v(562) 21 November 1995, (3) |
||
| 520 | _aA consultation document "Constructing Quality", has been produced, which sets out a quality strategy for the construction industry. | ||
| 650 | _aCONSTRUCTION INDUSTRY | ||
| 650 | _aCONSULTATION DOCUMENT | ||
| 650 | _aQUALITY CONTROL | ||
| 690 | _aBUILT ENVIRONMENT | ||
| 942 | _n0 | ||
| 948 | _c04/03/1997 | ||
| 999 |
_c26046 _d26046 |
||